Seguridad alimentaria : seguridad nacional /

Guardado en:
Bibliografiske detaljer
Hovedforfatter: Torres Torres, Felipe (coord.)
Format: Bog
Sprog:spansk
Udgivet: México : UNAM, Instituto de Investigaciones Económicas, 2003, c2003
Fag:
Tags: Tilføj Tag
Ingen Tags, Vær først til at tagge denne postø!

MARC

LEADER 00000nam^a2200000^a^4500
001 000166338
005 20250521000000.0
009 20260310101049.507
020 |a 970-32-0648-4 
037 |a Acervo ITESO - Biblioteca 
041 |a ESP 
082 |a 338. 1972  |b TOR 
100 |a Torres Torres, Felipe  |e (coord.) 
245 1 0 |a Seguridad alimentaria :  |b seguridad nacional /  |c Coord. de F. Torres Torres. 
264 4 |a México :  |b UNAM, Instituto de Investigaciones Económicas,  |c 2003, c2003 
300 |a 291 p. 
336 |a texto  |b txt  |2 rdacontenido 
337 |a sin mediación  |b n  |2 rdamedio 
338 |a volumen  |b nc  |2 rdasoporte 
649 |a XX 
650 |a Abasto de Alimentos -  |z México 
650 |a Agricultura -  |z México 
650 |a Política Económica -  |z México 
650 |a Igualdad y Desigualdad -  |z México 
650 |a Igualdad y Desigualdad -  |z México 
650 |a Hambre -  |z México 
650 |a Marginación -  |z México 
650 |a Pobreza -  |z México 
650 |a Problemas Sociales -  |z México 
650 |a Asistencia Social -  |z México 
650 |a Política Social -  |z México 
650 |a Apertura Comercial e Integración Económica 
650 |a Comercio Internacional 
650 |a Economía -  |z México 
650 |a México -  |x Condiciones Sociales y Culturales 
650 |a México -  |x Condiciones Políticas 
650 |a México -  |x Condiciones Económicas 
910 |a Fondo General 
920 |a Impresos - Libros 
930 |a Colección General 
905 |a 101 
901 |a 0500101435  |b IT1  |c ACC  |u 20250521 
902 |a https://opac.biblio.iteso.mx/vufind/Record/000166338